Tic Tac Toe: guía para docentes
Sparad:
| Huvudupphovsmän: | , |
|---|---|
| Materialtyp: | Bok |
| Språk: | spanska engelska |
| Publicerad: |
Bogotá
Norma
2003
|
| Upplaga: | 1a. ed |
| Ämnen: | |
| Taggar: |
Lägg till en tagg
Inga taggar, Lägg till första taggen!
|
MARC
| LEADER | 00000nam a2200000 a 4500 | ||
|---|---|---|---|
| 001 | UCH1959 | ||
| 003 | CL-VaPUC | ||
| 008 | 090520e20030000CK |||||||||||||||||spa|d | ||
| 020 | |a 9580468354 | ||
| 041 | 0 | 7 | |a spa |2 CL-VaPUC |
| 041 | 0 | 7 | |a eng |2 CL-VaPUC |
| 082 | 0 | 4 | |a 372.65 |b MON |2 21 |
| 100 | |a Montaña de Amorocho, Luz Mary |e autora |9 536580 | ||
| 700 | 0 | |a Castañeda Peña, Harold |e author |9 536581 | |
| 245 | 1 | 0 | |a Tic Tac Toe: guía para docentes |
| 250 | |a 1a. ed | ||
| 300 | |a v | ||
| 942 | |c BK | ||
| 945 | |d 20090520 00:00:00 |a rbrito | ||
| 260 | |a Bogotá |b Norma |c 2003 | ||
| 500 | |a v.1: Preschool A | ||
| 500 | |a v.2: Preschool B | ||
| 500 | |a v.3: Preschool C | ||
| 650 | 0 | |a Enseñanza del inglés |9 367340 | |
| 650 | 0 | |a Enseñanza de idiomas |9 339820 | |
| 650 | 0 | |a Educación preescolar |9 260381 | |
| 650 | 0 | |a Inglés |9 260023 | |
| 583 | |a last modification |c 20090520 00:00:00 |k Rodrigo Vera | ||
| 999 | |c 333830 |d 333828 | ||
| 952 | |0 0 |1 0 |4 0 |6 372_650000000000000_MON_2003 |7 0 |8 A |9 422469 |a BIBEDU |b BIBEDU |d 2019-11-22 |h v.1 |i 4552016 |o 372.65 MON 2003 |p 4552016 |r 2019-11-22 |w 2019-11-22 |y BK |k PAR | ||
| 952 | |0 0 |1 0 |4 0 |6 372_650000000000000_MON_2003 |7 0 |8 A |9 422470 |a BIBEDU |b BIBEDU |d 2019-11-22 |h v.2 |i 4552032 |o 372.65 MON 2003 |p 4552032 |r 2019-11-22 |w 2019-11-22 |y BK |k PAR | ||
| 952 | |0 0 |1 0 |4 0 |6 372_650000000000000_MON_2003 |7 0 |8 A |9 422471 |a BIBEDU |b BIBEDU |d 2019-11-22 |h v.3 |i 4552024 |o 372.65 MON 2003 |p 4552024 |r 2019-11-22 |w 2019-11-22 |y BK |k PAR | ||